[Event "Magyar rapid bajnokság"]
[Site "Ajka"]
[Date "2020.07.17"]
[Round "2.5"]
[White "Gelle, Istvan"]
[Black "Banusz, Tamas"]
[Result "0-1"]
[WhiteElo "2173"]
[BlackElo "2614"]
[PlyCount "100"]
[EventDate "2020.07.17"]
[EventType "swiss"]
[EventRounds "13"]
[EventCountry "HUN"]

1. d4 d5 2. Bf4 Nf6 3. e3 c5 4. c3 Nc6 5. Nd2 Bf5 6. Ngf3 e6 7. Qa4 Nd7 8. Bb5
Qc8 9. Nh4 Bg4 10. h3 Bh5 11. g4 Bg6 12. Nxg6 hxg6 13. Kf1 Nb6 14. Bxc6+ Qxc6
15. Qxc6+ bxc6 16. Kg2 Na4 17. Rab1 Kd7 18. Rhc1 a5 19. b3 Nb6 20. c4 cxd4 21.
exd4 Ba3 22. Rc2 Bb4 23. Nf3 f6 24. Ne1 Bxe1 25. Rxe1 g5 26. Bg3 Ra7 27. f4
gxf4 28. Bxf4 a4 29. Rb1 axb3 30. axb3 Re8 31. Bd2 Rb8 32. Bf4 Rbb7 33. Re1
dxc4 34. bxc4 Na4 35. Ree2 Rb4 36. Bd2 Rb2 37. Be1 Rab7 38. d5 cxd5 39. cxd5 e5
40. Rxb2 Nxb2 41. g5 Nd3 42. Bg3 Rb5 43. Ra2 f5 44. Ra7+ Kd6 45. Rxg7 f4 46.
Bh4 Kxd5 47. g6 Ke4 48. Rd7 Rb2+ 49. Kh1 f3 50. g7 Rg2 0-1

[Event "Magyar rapid bajnokság"]
[Site "Ajka"]
[Date "2020.07.17"]
[Round "2.6"]
[White "Papp, Gabor"]
[Black "Karacsonyi, Gellert"]
[Result "1-0"]
[WhiteElo "2603"]
[BlackElo "2167"]
[PlyCount "71"]
[EventDate "2020.07.17"]
[EventType "swiss"]
[EventRounds "13"]
[EventCountry "HUN"]

1. Nf3 Nf6 2. g3 d5 3. Bg2 e6 4. O-O Be7 5. b3 O-O 6. c4 c5 7. e3 b6 8. cxd5
Nxd5 9. Bb2 Bb7 10. d4 cxd4 11. Nxd4 Nc6 12. Nd2 Nxd4 13. Bxd4 Bf6 14. Nc4 Bxd4
15. Qxd4 Qe7 16. e4 Nb4 17. Qd6 Qxd6 18. Nxd6 Bc6 19. Rfd1 Rad8 20. a3 Na6 21.
Rac1 Bd5 22. Nxf7 Rxf7 23. exd5 e5 24. d6 Rfd7 25. b4 Kf7 26. Bf1 Nb8 27. Rc7
Kf6 28. Rxd7 Rxd7 29. Bh3 Rd8 30. Rd3 Nc6 31. Rf3+ Kg6 32. d7 Nd4 33. Re3 Kf6
34. f4 exf4 35. Re8 Nc6 36. Re6+ 1-0

[Event "Magyar rapid bajnokság"]
[Site "Ajka"]
[Date "2020.07.17"]
[Round "2.7"]
[White "Csati, Oliver"]
[Black "Erdos, Viktor"]
[Result "0-1"]
[WhiteElo "2141"]
[BlackElo "2580"]
[PlyCount "72"]
[EventDate "2020.07.17"]
[EventType "swiss"]
[EventRounds "13"]
[EventCountry "HUN"]

1. e4 e5 2. Nf3 Nc6 3. d4 exd4 4. Nxd4 Qf6 5. Be3 Bc5 6. c3 Nge7 7. Be2 b6 8.
O-O O-O 9. Nxc6 Qxc6 10. Bxc5 Qxc5 11. Qd4 Qxd4 12. cxd4 d5 13. exd5 Nxd5 14.
Bf3 Bb7 15. Re1 Rae8 16. Nc3 Nxc3 17. bxc3 Bxf3 18. gxf3 Re6 19. Rxe6 fxe6 20.
Kg2 Rf5 21. Re1 Kf7 22. h4 Ra5 23. Re2 Ra3 24. Rc2 Kf6 25. Kg3 Kf5 26. c4 Rd3
27. c5 b5 28. Rb2 a6 29. a4 bxa4 30. Rb4 a3 31. Ra4 e5 32. dxe5 Kxe5 33. Rxa6
Kd5 34. c6 Kc5 35. Kg4 Kb5 36. Ra8 Rd4+ 0-1

[Event "Magyar rapid bajnokság"]
[Site "Ajka"]
[Date "2020.07.17"]
[Round "2.8"]
[White "Antal, Gergely"]
[Black "Borhy, Marcell"]
[Result "1-0"]
[WhiteElo "2537"]
[BlackElo "2132"]
[PlyCount "73"]
[EventDate "2020.07.17"]
[EventType "swiss"]
[EventRounds "13"]
[EventCountry "HUN"]

1. e4 d6 2. d4 Nf6 3. Nc3 e5 4. dxe5 dxe5 5. Qxd8+ Kxd8 6. Bc4 Ke8 7. a3 Bd6 8.
Nf3 a6 9. h3 h6 10. Be3 b5 11. Bb3 Bb7 12. Nd2 Nbd7 13. O-O-O Ke7 14. Rhe1 Rhd8
15. g3 Kf8 16. f3 Nc5 17. Ba2 Re8 18. Nd5 Nxd5 19. Bxd5 c6 20. Nb3 Nxb3+ 21.
Bxb3 Red8 22. Rxd6 Rxd6 23. Bc5 Ke7 24. Rd1 Rad8 25. f4 f6 26. f5 a5 27. Rd2
Ba6 28. h4 h5 29. Kd1 b4 30. axb4 axb4 31. Ke1 Bb5 32. Bxb4 R8d7 33. Bc5 Rd8
34. Kf2 R8d7 35. Kf3 Rd8 36. g4 hxg4+ 37. Kxg4 1-0

[Event "Magyar rapid bajnokság"]
[Site "Ajka"]
[Date "2020.07.17"]
[Round "2.9"]
[White "Boguszlavszkij, Jevgenyij"]
[Black "Nagy, Gabor"]
[Result "0-1"]
[WhiteElo "2128"]
[BlackElo "2523"]
[PlyCount "76"]
[EventDate "2020.07.17"]
[EventType "swiss"]
[EventRounds "13"]
[EventCountry "HUN"]

1. e4 c5 2. Nf3 Nc6 3. g3 e6 4. d3 d5 5. Nbd2 Bd6 6. Bg2 Nge7 7. O-O O-O 8. Re1
Qc7 9. Nf1 d4 10. h4 e5 11. N1h2 f6 12. h5 Be6 13. Nh4 Qd7 14. f4 exf4 15. gxf4
f5 16. e5 Bc7 17. N2f3 h6 18. Qe2 Qe8 19. Nh2 Nb4 20. Kh1 b5 21. Rg1 Rc8 22. a3
Nbd5 23. Bd2 c4 24. Raf1 c3 25. bxc3 Bb6 26. c4 bxc4 27. Rf3 Qxh5 28. Qf2 cxd3
29. cxd3 Ne3 30. Rg3 Ng4 31. Rxg4 fxg4 32. Be4 Rc2 33. Qe1 Rxd2 34. Qxd2 Qxh4
35. f5 Nxf5 36. Qf4 Ne3 37. Qg3 Qxg3 38. Rxg3 h5 0-1

[Event "Magyar rapid bajnokság"]
[Site "Ajka"]
[Date "2020.07.17"]
[Round "2.10"]
[White "Czebe, Attila"]
[Black "Nogrady, Vilmos"]
[Result "1-0"]
[WhiteElo "2517"]
[BlackElo "2128"]
[PlyCount "113"]
[EventDate "2020.07.17"]
[EventType "swiss"]
[EventRounds "13"]
[EventCountry "HUN"]

1. Nf3 Nf6 2. g3 b6 3. Bg2 Bb7 4. O-O e6 5. d3 Be7 6. e4 d6 7. Nh4 Nbd7 8. e5
Bxg2 9. exf6 Bxf1 10. fxe7 Qxe7 11. Qxf1 g5 12. Ng2 h5 13. h4 gxh4 14. Nxh4 Rg8
15. Qg2 d5 16. c4 c6 17. Nc3 Ne5 18. cxd5 cxd5 19. Nf5 Qd7 20. d4 Nd3 21. Nh4
O-O-O 22. Qf3 Nb4 23. Bd2 Nc6 24. Ne2 Kb7 25. Nf4 Nxd4 26. Qd3 e5 27. Nfg2 Qg4
28. Re1 f6 29. Bc3 Ne6 30. Qh7+ Rg7 31. Qf5 Qxf5 32. Nxf5 Rg5 33. Ngh4 Nf4 34.
Bd2 Rgg8 35. Bxf4 exf4 36. Re7+ Ka6 37. Nf3 fxg3 38. fxg3 d4 39. N5xd4 Rxg3+
40. Kf2 Rdg8 41. b4 Rg2+ 42. Ke3 R8g7 43. b5+ Ka5 44. Re6 Rxa2 45. Rxf6 Ra3+
46. Kf4 Rd7 47. Rf5 Ra4 48. Ke3 Kb4 49. Rxh5 Ra3+ 50. Ke4 Rc3 51. Ne5 Rg7 52.
Rh1 Rgg3 53. Rb1+ Kc5 54. Ne6+ Kd6 55. Kf5 Rge3 56. Rd1+ Ke7 57. Ng6+ 1-0

[Event "Magyar rapid bajnokság"]
[Site "Ajka"]
[Date "2020.07.17"]
[Round "2.11"]
[White "Havanecz, Bianka"]
[Black "Mihok, Oliver"]
[Result "0-1"]
[WhiteElo "2122"]
[BlackElo "2508"]
[PlyCount "102"]
[EventDate "2020.07.17"]
[EventType "swiss"]
[EventRounds "13"]
[EventCountry "HUN"]

1. d4 Nf6 2. c4 c5 3. d5 b5 4. cxb5 a6 5. bxa6 g6 6. Nc3 Bxa6 7. e4 Bxf1 8.
Kxf1 d6 9. Nf3 Bg7 10. g3 O-O 11. Kg2 Qb6 12. Qe2 Qa6 13. Qc2 Nbd7 14. Bg5 h6
15. Bf4 Ng4 16. a4 Qc4 17. Ra3 Rfb8 18. Re1 Nge5 19. Nxe5 Nxe5 20. Bxe5 Bxe5
21. Qd2 Kh7 22. Re3 Qb4 23. Ra2 Qb3 24. Rf3 Kg7 25. h4 Rb4 26. Re3 Rc4 27. a5
Ra7 28. Ra3 Qb4 29. Qe2 Bd4 30. Ra4 Qxa4 31. Nxa4 Rxa4 32. Rb3 R4xa5 33. Rb8
Ra8 34. Rb7 R5a7 35. Rb3 h5 36. g4 hxg4 37. Qxg4 Rh8 38. Rh3 Ra2 39. h5 Rxb2
40. Rf3 Rxh5 41. Qf4 Bf6 42. Qe3 Be5 43. Qa3 Rh2+ 44. Kf1 Bd4 45. Qa7 Rhxf2+
46. Rxf2 Rxf2+ 47. Ke1 Rf4 48. Qxe7 Be5 49. Kd2 Rxe4 50. Qb7 c4 51. Qc6 Rh4 0-1

[Event "Magyar rapid bajnokság"]
[Site "Ajka"]
[Date "2020.07.17"]
[Round "2.12"]
[White "Aczel, Gergely"]
[Black "Margl, Roland"]
[Result "1-0"]
[WhiteElo "2506"]
[BlackElo "2120"]
[PlyCount "151"]
[EventDate "2020.07.17"]
[EventType "swiss"]
[EventRounds "13"]
[EventCountry "HUN"]

1. d4 d5 2. c4 e6 3. Nc3 Nf6 4. cxd5 Nxd5 5. e4 Nxc3 6. bxc3 c5 7. Nf3 cxd4 8.
cxd4 Bb4+ 9. Bd2 Bxd2+ 10. Qxd2 O-O 11. Bc4 Nd7 12. O-O b6 13. a4 Bb7 14. Rfe1
h6 15. a5 bxa5 16. Rxa5 Qc7 17. Bd3 Nf6 18. h3 Rfd8 19. Ra3 a5 20. Qe3 Qe7 21.
Rea1 Qb4 22. Ra4 Qb6 23. Ne5 Ra7 24. f3 Raa8 25. Bf1 Ra7 26. Qc3 Raa8 27. Kh2
Ra7 28. Qc5 Qxc5 29. dxc5 Ne8 30. Rxa5 Rxa5 31. Rxa5 f6 32. Ra7 fxe5 33. Rxb7
Rc8 34. Bc4 Rxc5 35. Bxe6+ Kh7 36. Bf5+ Kg8 37. Bg6 Rc8 38. Re7 Nf6 39. Rxe5
Kf8 40. Re6 Ng8 41. Bf5 Rc5 42. Ra6 Ne7 43. Be6 g6 44. Ra7 Rc6 45. Ba2 Rc2 46.
h4 Nc6 47. Rc7 Rxa2 48. Rxc6 Kg7 49. Kh3 h5 50. Rc5 Kf6 51. Kg3 Rb2 52. Rg5 Re2
53. Kf4 Re1 54. g3 Re2 55. Ra5 Rg2 56. Ra6+ Kf7 57. e5 Rg1 58. Ra7+ Kf8 59. Rb7
Rg2 60. g4 hxg4 61. fxg4 Re2 62. Kg5 Rxe5+ 63. Kxg6 Re6+ 64. Kh5 Kg8 65. g5 Ra6
66. g6 Ra4 67. Kg5 Ra5+ 68. Kh6 Ra8 69. h5 Rc8 70. Rb5 Ra8 71. Rd5 Rb8 72. Kg5
Kh8 73. h6 Ra8 74. Rd6 Ra5+ 75. Kf6 Ra8 76. Ke7 1-0

[Event "Magyar rapid bajnokság"]
[Site "Ajka"]
[Date "2020.07.17"]
[Round "2.13"]
[White "Szalanczi, Emil"]
[Black "Horvath, Adam"]
[Result "0-1"]
[WhiteElo "2116"]
[BlackElo "2496"]
[PlyCount "88"]
[EventDate "2020.07.17"]
[EventType "swiss"]
[EventRounds "13"]
[EventCountry "HUN"]

1. e4 c5 2. Nf3 Nc6 3. d4 cxd4 4. Nxd4 e6 5. Nc3 Qc7 6. Be3 a6 7. Qf3 Nf6 8.
Nxc6 bxc6 9. Bd3 Bd6 10. g3 Rb8 11. Rb1 h5 12. h3 Be5 13. O-O c5 14. Rfe1 h4
15. g4 Bb7 16. Bd2 c4 17. Bf1 d5 18. exd5 Nxd5 19. Rxe5 Qxe5 20. Re1 Nxc3 21.
Qxb7 Rxb7 22. Rxe5 Nb1 23. Bc1 c3 24. b3 O-O 25. Bxa6 Ra7 26. Bd3 Rxa2 27. Be3
Na3 28. Bd4 Nxc2 29. Bxc3 Rd8 30. Bc4 Nd4 31. Kg2 Rc2 32. Ba1 Nc6 33. Rg5 Nd4
34. Ra5 Ne2 35. Kf3 Nc3 36. g5 Kh7 37. Kg4 Rd4+ 38. f4 Rg2+ 39. Kf3 Rg3+ 40.
Kf2 Ne4+ 41. Ke1 Re3+ 42. Be2 Rd2 43. Re5 Rexe2+ 44. Kf1 Ng3+ 0-1

[Event "Magyar rapid bajnokság"]
[Site "Ajka"]
[Date "2020.07.17"]
[Round "2.14"]
[White "Krstulovic, Alex"]
[Black "Bagi, Mate"]
[Result "1-0"]
[WhiteElo "2108"]
[BlackElo "2462"]
[PlyCount "75"]
[EventDate "2020.07.17"]
[EventType "swiss"]
[EventRounds "13"]
[EventCountry "HUN"]

1. d4 Nf6 2. Nf3 c5 3. d5 b5 4. c3 Bb7 5. e4 Nxe4 6. Bxb5 g6 7. O-O Bg7 8. Re1
Nf6 9. c4 O-O 10. Nc3 e6 11. Bg5 h6 12. Bh4 Na6 13. Ne5 Nc7 14. dxe6 dxe6 15.
Bc6 Bxc6 16. Nxc6 Qe8 17. Qd6 Qd7 18. Bg3 Nce8 19. Qxc5 Kh7 20. Rad1 Qb7 21.
Qb5 Qb6 22. Na4 Qxb5 23. cxb5 Nh5 24. Bb8 Nef6 25. Bxa7 Rac8 26. Bc5 Rfe8 27.
Nb6 Rc7 28. a4 Nf4 29. a5 Bf8 30. b4 Kg8 31. g3 N4d5 32. Nxd5 exd5 33. Rxe8
Nxe8 34. Rxd5 Kg7 35. Rd8 Bxc5 36. bxc5 Nf6 37. a6 Nd7 38. a7 1-0

[Event "Magyar rapid bajnokság"]
[Site "Ajka"]
[Date "2020.07.17"]
[Round "2.15"]
[White "Seres, Lajos"]
[Black "Terbe, Zsuzsanna"]
[Result "1-0"]
[WhiteElo "2455"]
[BlackElo "2093"]
[PlyCount "73"]
[EventDate "2020.07.17"]
[EventType "swiss"]
[EventRounds "13"]
[EventCountry "HUN"]

1. d4 d5 2. c4 c6 3. Nf3 Nf6 4. Nc3 dxc4 5. a4 Bf5 6. Nh4 e6 7. Nxf5 exf5 8. e3
Bd6 9. Bxc4 O-O 10. h3 Qe7 11. Qf3 g6 12. g4 f4 13. O-O fxe3 14. fxe3 Nbd7 15.
e4 Ne8 16. Bh6 Ng7 17. Rae1 Bc7 18. Qe3 Bb6 19. Kg2 Qb4 20. b3 Ne5 21. Na2 Nxc4
22. Nxb4 Nxe3+ 23. Bxe3 Rad8 24. Nc2 Rfe8 25. Kf3 Ne6 26. Rd1 Rd7 27. d5 Nc5
28. a5 cxd5 29. axb6 dxe4+ 30. Ke2 Rxd1 31. Rxd1 axb6 32. Rd6 Nxb3 33. Rxb6 Na5
34. Rb5 Rc8 35. Nb4 Nc4 36. Nd5 Rc6 37. Ne7+ 1-0

[Event "Magyar rapid bajnokság"]
[Site "Ajka"]
[Date "2020.07.17"]
[Round "2.16"]
[White "Horvath, Kalman"]
[Black "Kaczur, Florian"]
[Result "0-1"]
[WhiteElo "2107"]
[BlackElo "2454"]
[PlyCount "146"]
[EventDate "2020.07.17"]
[EventType "swiss"]
[EventRounds "13"]
[EventCountry "HUN"]

1. d4 Na6 2. Nc3 c6 3. e4 Nc7 4. Nge2 g6 5. g3 Bg7 6. Bg2 d6 7. Be3 Nf6 8. h3
b5 9. e5 Nfd5 10. exd6 exd6 11. Nxd5 Nxd5 12. c3 O-O 13. Bxd5 cxd5 14. Nf4 Re8
15. Qb3 Qd7 16. Kf1 a5 17. Rh2 Bb7 18. a3 Re4 19. Re1 Rae8 20. Qc2 h5 21. Ng2
Qc6 22. Qd2 Qc4+ 23. Kg1 R4e7 24. Qe2 b4 25. axb4 axb4 26. Qxc4 dxc4 27. Ra1
Ra8 28. Rc1 b3 29. Bf4 Re2 30. Ne3 Rxb2 31. Nxc4 Rc2 32. Rb1 Rxc3 33. Nxd6 b2
34. f3 Bxd4+ 35. Kf1 Rxf3+ 36. Ke2 Bd5 37. Nb5 Re8+ 38. Kd2 Bf6 39. Re2 Rxe2+
40. Kxe2 Rb3 41. Nc7 Be4 42. Ne8 Bh8 43. Rxb2 Bxb2 44. Nd6 Bd5 45. Kd2 Ba3 46.
Kc2 Bxd6 47. Bxd6 f6 48. h4 Kf7 49. Bf4 Ke6 50. Bc7 Kf5 51. Bd6 g5 52. hxg5
fxg5 53. Kd2 h4 54. gxh4 gxh4 55. Ke2 h3 56. Kf2 Kg4 57. Bc7 h2 58. Bxh2 Rb2+
59. Ke3 Rxh2 60. Kd4 Ba8 61. Ke5 Rd2 62. Kf6 Kf4 63. Ke6 Bf3 64. Kf6 Rd6+ 65.
Ke7 Ke5 66. Kf7 Rd7+ 67. Kg6 Be4+ 68. Kg5 Rg7+ 69. Kh6 Rg6+ 70. Kh7 Kf6 71. Kh8
Rh6+ 72. Kg8 Bd5+ 73. Kf8 Rh8# 0-1

[Event "Magyar rapid bajnokság"]
[Site "Ajka"]
[Date "2020.07.17"]
[Round "2.17"]
[White "Juhasz, Barbara"]
[Black "Horvath, Jozsef"]
[Result "1-0"]
[WhiteElo "2099"]
[BlackElo "2438"]
[PlyCount "107"]
[EventDate "2020.07.17"]
[EventType "swiss"]
[EventRounds "13"]
[EventCountry "HUN"]

1. e4 d6 2. d4 Nf6 3. Bd3 g6 4. Nf3 Bg7 5. O-O O-O 6. Re1 Nc6 7. d5 Nb4 8. Bf1
c6 9. c3 Na6 10. Bxa6 bxa6 11. dxc6 Qc7 12. Qa4 Rb8 13. Nbd2 Rb6 14. e5 Ne8 15.
exd6 Nxd6 16. Ne4 Nf5 17. Ng3 Nxg3 18. hxg3 e5 19. Qh4 Rxc6 20. Be3 Rc4 21. Qh2
Bb7 22. Rad1 Bxf3 23. gxf3 Qb7 24. Bc1 Qxf3 25. Rd7 h5 26. Qg2 Qf5 27. Rxa7 h4
28. Be3 Qe6 29. Rd1 hxg3 30. fxg3 Rg4 31. Bc5 Rc8 32. b4 e4 33. Rd6 Qe5 34. Kh2
Bf8 35. Rdd7 Rh4+ 36. Kg1 Rg4 37. Bd4 Qg5 38. Kh2 Qh6+ 39. Qh3 Qd2+ 40. Qg2
Qxg2+ 41. Kxg2 f5 42. Kf2 e3+ 43. Kxe3 Rxg3+ 44. Kf2 Rh3 45. Rxa6 Rh6 46. Be3
Rh2+ 47. Kg3 Rxc3 48. Rxg6+ Kh8 49. Kxh2 Rxe3 50. Rd8 Kh7 51. Rb6 Bg7 52. Rd7
f4 53. Rbb7 Rg3 54. Rxg7+ 1-0

[Event "Magyar rapid bajnokság"]
[Site "Ajka"]
[Date "2020.07.17"]
[Round "2.18"]
[White "Kozak, Adam"]
[Black "Udvardi, Zalan"]
[Result "1-0"]
[WhiteElo "2438"]
[BlackElo "2078"]
[PlyCount "69"]
[EventDate "2020.07.17"]
[EventType "swiss"]
[EventRounds "13"]
[EventCountry "HUN"]

1. Nf3 c5 2. c4 Nc6 3. g3 e5 4. Nc3 g6 5. Bg2 Bg7 6. O-O Nge7 7. d3 d6 8. a3
O-O 9. Rb1 a5 10. Bg5 f6 11. Bd2 Be6 12. Ne4 h6 13. Qc1 f5 14. Nc3 Kh7 15. Bg5
Qd7 16. Bxe7 Qxe7 17. Nd2 h5 18. Qd1 Bh6 19. Nd5 Bxd5 20. Bxd5 h4 21. Kg2 Nd4
22. b4 axb4 23. axb4 Ra2 24. e3 f4 25. gxf4 exf4 26. exd4 Rxd2 27. Qf3 cxd4 28.
Rbe1 Qd7 29. Re6 Re8 30. Rfe1 Rxe6 31. Rxe6 Qd8 32. Be4 Kh8 33. Rxg6 Bg7 34.
Qh5+ Kg8 35. Bd5+ 1-0

[Event "Magyar rapid bajnokság"]
[Site "Ajka"]
[Date "2020.07.17"]
[Round "2.19"]
[White "Buzas, Bertalan"]
[Black "Korpa, Bence"]
[Result "0-1"]
[WhiteElo "2080"]
[BlackElo "2427"]
[PlyCount "82"]
[EventDate "2020.07.17"]
[EventType "swiss"]
[EventRounds "13"]
[EventCountry "HUN"]

1. d4 Nf6 2. Nf3 e6 3. Bf4 c5 4. e3 cxd4 5. exd4 Be7 6. h3 O-O 7. Nbd2 b6 8.
Bd3 Bb7 9. O-O d6 10. Re1 Re8 11. a4 a6 12. Bh2 Nbd7 13. Nc4 Qc7 14. Ne3 Bf8
15. c4 a5 16. Rc1 Rac8 17. Ng4 Nxg4 18. hxg4 Qb8 19. Ng5 Nf6 20. c5 bxc5 21.
dxc5 h6 22. Nh3 Qa8 23. cxd6 Bxg2 24. Rxc8 Rxc8 25. Re3 Nxg4 26. d7 Nxe3 27.
dxc8=Q Qxc8 28. fxe3 Bxh3 29. Bf4 Qc6 30. Qe2 Qxa4 31. Kh2 Bf5 32. Bxf5 exf5
33. Qd3 g5 34. Bg3 Qe4 35. Qd2 a4 36. Qc3 Bg7 37. Qc8+ Kh7 38. Qd7 Qc2+ 39. Kh3
g4+ 40. Kh4 Kg6 41. Bf4 Qf2+ 0-1

[Event "Magyar rapid bajnokság"]
[Site "Ajka"]
[Date "2020.07.17"]
[Round "2.20"]
[White "Mester, Gyula"]
[Black "Frink, Ferenc"]
[Result "0-1"]
[WhiteElo "2426"]
[BlackElo "2053"]
[PlyCount "92"]
[EventDate "2020.07.17"]
[EventType "swiss"]
[EventRounds "13"]
[EventCountry "HUN"]

1. d4 Nf6 2. g3 Nc6 3. Bg2 e5 4. d5 Ne7 5. c4 Ng6 6. Nc3 Bc5 7. e3 O-O 8. Nge2
d6 9. h3 a5 10. O-O Bd7 11. Kh2 h6 12. b3 Nh7 13. f4 f5 14. e4 Qf6 15. fxe5
Qxe5 16. exf5 Bxf5 17. Bb2 Rae8 18. Ng1 Bxg1+ 19. Rxg1 Ng5 20. Re1 Qxe1 21.
Qxe1 Rxe1 22. Rxe1 Ne5 23. Re3 Bxh3 24. Re2 Ng4+ 25. Kg1 Nf3+ 26. Kh1 Bxg2+ 27.
Kxg2 Nd4 28. Rd2 Ne3+ 29. Kh3 Rf1 30. g4 Rh1+ 31. Rh2 Rxh2+ 32. Kxh2 Nxg4+ 33.
Kg3 Ne5 34. Ne4 Nf5+ 35. Kf4 Ne7 36. Bxe5 g5+ 37. Kg4 dxe5 38. Nc5 Kf7 39. Nxb7
Kg6 40. d6 cxd6 41. Nxd6 h5+ 42. Kf3 g4+ 43. Ke4 h4 44. c5 h3 45. Nc4 h2 46.
Nxe5+ Kg7 0-1

[Event "Magyar rapid bajnokság"]
[Site "Ajka"]
[Date "2020.07.17"]
[Round "2.21"]
[White "Fancsy, Imre"]
[Black "Forgacs, Attila"]
[Result "1-0"]
[WhiteElo "2414"]
[BlackElo "2028"]
[PlyCount "89"]
[EventDate "2020.07.17"]
[EventType "swiss"]
[EventRounds "13"]
[EventCountry "HUN"]

1. Nf3 c5 2. c4 Nc6 3. g3 g6 4. Bg2 Bg7 5. Nc3 d6 6. O-O e5 7. a3 Be6 8. d3 h6
9. Ne1 Nge7 10. Nc2 O-O 11. b4 Rb8 12. Rb1 b6 13. Ne3 Kh7 14. Ned5 f5 15. e3
Qd7 16. Bd2 Bg8 17. Qa4 Rbd8 18. f4 Nxd5 19. cxd5 Ne7 20. Qxd7 Rxd7 21. bxc5
dxc5 22. e4 Nc8 23. Rbe1 fxe4 24. dxe4 Nd6 25. fxe5 Rxf1+ 26. Bxf1 Bxe5 27. Nb5
Kg7 28. Bf4 Bd4+ 29. Nxd4 cxd4 30. Be5+ Kf8 31. Bxd4 Nf7 32. Bb5 Rc7 33. e5 Ng5
34. Rf1+ Rf7 35. Rxf7+ Bxf7 36. Be3 Bxd5 37. Kf2 Ne4+ 38. Ke1 g5 39. Bd4 Ke7
40. Ke2 g4 41. Ke3 Ng5 42. Be2 Nf3 43. h4 Nxd4 44. Kxd4 Ke6 45. Bxg4+ 1-0

[Event "Magyar rapid bajnokság"]
[Site "Ajka"]
[Date "2020.07.17"]
[Round "2.22"]
[White "Kosztolanczi, Gyula"]
[Black "Meszaros, Tamas"]
[Result "0-1"]
[WhiteElo "2041"]
[BlackElo "2401"]
[PlyCount "62"]
[EventDate "2020.07.17"]
[EventType "swiss"]
[EventRounds "13"]
[EventCountry "HUN"]

1. e4 e5 2. Nf3 Nc6 3. Bc4 Nf6 4. Ng5 d5 5. exd5 Na5 6. Bb5+ c6 7. dxc6 bxc6 8.
Qf3 Be7 9. Bxc6+ Nxc6 10. Qxc6+ Bd7 11. Qf3 Rc8 12. Nc3 Bc6 13. Nce4 Qd4 14. c3
Qd7 15. d3 h6 16. Qh3 Qb7 17. Nxf6+ Bxf6 18. Ne4 Bxe4 19. dxe4 Qxe4+ 20. Be3
Qc4 21. O-O-O O-O 22. Kb1 Rb8 23. Ka1 Rxb2 24. Kxb2 Rb8+ 25. Kc2 Qxa2+ 26. Kd3
Rd8+ 27. Bd4 exd4 28. c4 Re8 29. Rde1 Qb3+ 30. Kd2 Bg5+ 31. Re3 dxe3+ 0-1

[Event "Magyar rapid bajnokság"]
[Site "Ajka"]
[Date "2020.07.17"]
[Round "2.23"]
[White "Molnar, Bela"]
[Black "Acs, Marton"]
[Result "0-1"]
[WhiteElo "2346"]
[BlackElo "2014"]
[PlyCount "82"]
[EventDate "2020.07.17"]
[EventType "swiss"]
[EventRounds "13"]
[EventCountry "HUN"]

1. e4 e5 2. Bc4 Nf6 3. d4 Nxe4 4. dxe5 Nc5 5. Nf3 Be7 6. Nc3 O-O 7. Nd5 d6 8.
Nxe7+ Qxe7 9. Bg5 Qe8 10. Be3 Be6 11. Qe2 Ne4 12. Bd3 d5 13. Nd4 Nd7 14. f4
Ndc5 15. O-O f5 16. b4 Na4 17. Qe1 Nb6 18. a4 Nc4 19. a5 c6 20. Rf3 Qf7 21. a6
Rfe8 22. Qe2 Nxe3 23. Qxe3 Qd7 24. axb7 Qxb7 25. c3 Qb6 26. Ra6 Qb7 27. Rxc6
Bd7 28. Ra6 Rac8 29. Ra3 Nxc3 30. Bxf5 Nb5 31. Nxb5 Qxb5 32. Bxd7 Qxd7 33. Rxa7
Qb5 34. e6 Qxb4 35. Rxg7+ Kh8 36. h4 Qe4 37. Rfg3 Qxe3+ 38. Rxe3 Kxg7 39. f5
Kf6 40. g4 Rc4 41. Rg3 h5 0-1

[Event "Magyar rapid bajnokság"]
[Site "Ajka"]
[Date "2020.07.17"]
[Round "2.24"]
[White "Persanyi, Barnabas"]
[Black "Emodi, Barnabas"]
[Result "1-0"]
[WhiteElo "2019"]
[BlackElo "2339"]
[PlyCount "115"]
[EventDate "2020.07.17"]
[EventType "swiss"]
[EventRounds "13"]
[EventCountry "HUN"]

1. Nf3 Nf6 2. g3 d5 3. Bg2 c6 4. O-O Bg4 5. h3 Bh5 6. d4 e6 7. c4 Nbd7 8. cxd5
cxd5 9. Nc3 Bd6 10. Qb3 Qb6 11. Qxb6 axb6 12. Nb5 Bb8 13. a4 O-O 14. b3 Rc8 15.
Ba3 Rc6 16. Rfc1 h6 17. e3 Ne4 18. Bb4 f5 19. Ne1 g5 20. Bf1 f4 21. g4 Bg6 22.
Bd3 Kg7 23. Na3 fxe3 24. fxe3 Bg3 25. Bb5 Rxc1 26. Rxc1 Ndf6 27. Kg2 h5 28.
gxh5 Bxh5 29. Nd3 g4 30. Ne5 gxh3+ 31. Kxh3 Bxe5 32. dxe5 Ng4 33. Rc7+ Kg6 34.
Rxb7 Nxe3 35. Bd3 Bg4+ 36. Kh2 Rh8+ 37. Kg1 Kf5 38. Bxe4+ Kxe4 39. Bd2 Bf3 40.
Bxe3 Kxe3 41. Nc2+ Ke4 42. Ne1 Ke3 43. Nxf3 Kxf3 44. Rxb6 Rh6 45. a5 d4 46. Rd6
Ke3 47. a6 d3 48. b4 Rh8 49. b5 Ra8 50. Rxe6 d2 51. Rd6 Ke2 52. e6 d1=Q+ 53.
Rxd1 Kxd1 54. Kf2 Kd2 55. e7 Kd3 56. b6 Rxa6 57. e8=Q Rxb6 58. Qd8+ 1-0

[Event "Magyar rapid bajnokság"]
[Site "Ajka"]
[Date "2020.07.17"]
[Round "2.25"]
[White "Csonka, Balazs"]
[Black "Miszler, Levente"]
[Result "1-0"]
[WhiteElo "2324"]
[BlackElo "1986"]
[PlyCount "55"]
[EventDate "2020.07.17"]
[EventType "swiss"]
[EventRounds "13"]
[EventCountry "HUN"]

1. d4 e6 2. Nf3 Nf6 3. Bf4 d5 4. e3 c5 5. c3 Nc6 6. Nbd2 Bd6 7. Bg3 O-O 8. Bd3
b6 9. Qe2 Bb7 10. Rd1 Re8 11. e4 Be7 12. e5 Nh5 13. h4 Nxg3 14. fxg3 f5 15.
exf6 Bxf6 16. Ng5 Bxg5 17. Bxh7+ Kf8 18. hxg5 Qxg5 19. O-O+ Ke7 20. dxc5 Rh8
21. Bf5 e5 22. Ne4 Qh6 23. Rxd5 Rad8 24. Nd6 Qh2+ 25. Kf2 Rdf8 26. Rxe5+ Kd8
27. Nxb7+ Kc7 28. Nd6 1-0

[Event "Magyar rapid bajnokság"]
[Site "Ajka"]
[Date "2020.07.17"]
[Round "3.1"]
[White "Berkes, Ferenc"]
[Black "Csonka, Balazs"]
[Result "1/2-1/2"]
[WhiteElo "2688"]
[BlackElo "2324"]
[PlyCount "25"]
[EventDate "2020.07.17"]
[EventType "swiss"]
[EventRounds "13"]
[EventCountry "HUN"]

1. d4 Nf6 2. Nf3 d5 3. Bf4 c5 4. e3 Nc6 5. Nbd2 Qb6 6. dxc5 Qxb2 7. Rb1 Qc3 8.
Bd3 g6 9. O-O Bg7 10. e4 dxe4 11. Nxe4 Nxe4 12. Bxe4 Qxc5 13. Be3 1/2-1/2

[Event "Magyar rapid bajnokság"]
[Site "Ajka"]
[Date "2020.07.17"]
[Round "3.2"]
[White "Varga, Peter"]
[Black "Almasi, Zoltan"]
[Result "1/2-1/2"]
[WhiteElo "2323"]
[BlackElo "2678"]
[PlyCount "64"]
[EventDate "2020.07.17"]
[EventType "swiss"]
[EventRounds "13"]
[EventCountry "HUN"]

1. d4 Nf6 2. c4 b6 3. Nc3 Bb7 4. Qc2 e6 5. e4 Bb4 6. Bd3 O-O 7. Nge2 e5 8. d5
a5 9. O-O Na6 10. a3 Be7 11. Ng3 g6 12. Bh6 Re8 13. h3 d6 14. Rab1 Nd7 15. b4
axb4 16. axb4 Bg5 17. Bxg5 Qxg5 18. Qc1 Qh4 19. Nb5 Nf6 20. Qe3 Bc8 21. Rfc1
Bd7 22. Nc3 Reb8 23. Rc2 Bc8 24. Ra2 Bb7 25. Qd2 Re8 26. Qe3 Nd7 27. Nf1 Kg7
28. Qg3 Qe7 29. Ne3 Qf6 30. Nf5+ Kh8 31. Ne3 h5 32. Nc2 Kg7 1/2-1/2

[Event "Magyar rapid bajnokság"]
[Site "Ajka"]
[Date "2020.07.17"]
[Round "3.3"]
[White "Balogh, Csaba"]
[Black "Papp, Petra"]
[Result "1-0"]
[WhiteElo "2653"]
[BlackElo "2297"]
[PlyCount "123"]
[EventDate "2020.07.17"]
[EventType "swiss"]
[EventRounds "13"]
[EventCountry "HUN"]

1. e4 c6 2. Nf3 d5 3. exd5 cxd5 4. Ne5 Nf6 5. d4 g6 6. Bb5+ Nbd7 7. O-O Bg7 8.
Re1 O-O 9. Nc3 a6 10. Bf1 Nxe5 11. dxe5 Ng4 12. Bf4 d4 13. Na4 Qa5 14. Qxd4 Bf5
15. Nc5 Rfd8 16. Qc4 b5 17. Qb3 Rac8 18. Nb7 Qb6 19. Nxd8 Qxf2+ 20. Kh1 Rxd8
21. Bg3 Qc5 22. Qc3 Qb6 23. h3 Nh6 24. Rad1 Rc8 25. Qd4 Qxd4 26. Rxd4 Bxc2 27.
Bf4 Nf5 28. Rd2 g5 29. Bxg5 Ng3+ 30. Kg1 Ne4 31. Rxc2 Rxc2 32. Rxe4 Rxb2 33. a3
f6 34. exf6 exf6 35. Be3 f5 36. Re6 Rb3 37. Bc5 a5 38. Rb6 Rc3 39. Rb8+ Kf7 40.
Rb7+ Ke6 41. Rxg7 Rxc5 42. Rb7 Rc3 43. Rb6+ Kf7 44. Rxb5 Rxa3 45. Rxf5+ Kg6 46.
Rb5 h6 47. Kf2 Kf6 48. Rb6+ Kg7 49. Ra6 Kh7 50. Bc4 Kg7 51. Bd5 Kh7 52. Be4+
Kg7 53. Rg6+ Kf7 54. Rxh6 a4 55. Bd5+ Kg7 56. Ra6 Ra1 57. h4 a3 58. h5 Rd1 59.
h6+ Kh8 60. Be4 Rd8 61. Rxa3 Re8 62. Ra8 1-0